[Event "SV Hattingen 1 - SC Bocholt 1"]
[Site "NRW-Klasse, Gruppe 1 2012/201"]
[Date "2013.01.20"]
[Round "5.8"]
[White "Karpenko, Nikolaj"]
[Black "Wuestnienhaus, Andreas"]
[Result "1/2-1/2"]
[WhiteElo "1695"]
[BlackElo "1879"]
[Annotator "Doe,John"]
[PlyCount "116"]
[EventDate "2013.??.??"]
[WhiteTeam "SV Hattingen 1"]
[BlackTeam "SC Bocholt 1"]

1. e4 c6 2. Nf3 d5 3. Nc3 dxe4 4. Nxe4 Bg4 5. h3 Bxf3 6. Qxf3 e6 7. Bc4 Nd7 8.
Bb3 Ngf6 9. O-O Nxe4 10. Qxe4 Nc5 11. Qf3 Nxb3 12. Qxb3 Qc7 13. Qc3 O-O-O 14.
d3 Bd6 15. Be3 Be5 16. d4 Bf6 17. Qd3 Kb8 18. Qe4 Ka8 19. c3 h6 20. a4 e5 21.
dxe5 Bxe5 22. a5 Rhe8 23. Qf3 Re6 24. a6 b6 25. Rfd1 Rdd6 26. Rxd6 Rxd6 27. Re1
Qd7 28. Qh5 Rd5 29. Qe2 Kb8 30. c4 Rd3 31. Bxb6 axb6 32. Qxe5+ Ka7 33. Qxg7 Rd1
34. Rxd1 Qxd1+ 35. Kh2 Qd6+ 36. g3 Qe6 37. Qd4 Kxa6 38. b4 Qe1 39. c5 bxc5 40.
Qxc5 Qe4 41. Qa5+ Kb7 42. b5 cxb5 43. Qxb5+ Kc7 44. Qb3 Qf5 45. Qe3 $11 Kd7 46.
g4 Qf6 47. Kg3 Kd8 48. Qf4 Qg6 49. f3 Qe6 50. Qd4+ Kc8 51. Qc5+ Kd8 52. Qa5+
Ke8 53. Qa8+ Kd7 54. Qb7+ Kd8 55. Qe4 Qd6+ 56. Qf4 Qe6 57. h4 Qe1+ 58. Kg2 Qe2+
1/2-1/2

[Event "SK Münster 2 - Bielefelder SK 1"]
[Site "NRW-Klasse, Gruppe 1 2012/201"]
[Date "2013.01.20"]
[Round "5.1"]
[White "Malcher, Werner"]
[Black "Emunds, Hans Georg"]
[Result "1/2-1/2"]
[WhiteElo "2329"]
[BlackElo "2179"]
[PlyCount "27"]
[EventDate "2013.??.??"]
[WhiteTeam "Bielefelder SK 1"]
[BlackTeam "SK Münster 2"]

1. d4 Nf6 2. c4 e6 3. Nf3 b6 4. e3 Bb7 5. Bd3 Be7 6. Nc3 d5 7. cxd5 exd5 8.
Qa4+ c6 9. e4 dxe4 10. Nxe4 O-O 11. Qc2 Nbd7 12. O-O Nxe4 13. Bxe4 Nf6 14. Bf4
1/2-1/2

[Event "SK Münster 2 - Bielefelder SK 1"]
[Site "NRW-Klasse, Gruppe 1 2012/201"]
[Date "2013.01.20"]
[Round "5.2"]
[White "Rehfeldt, Frank"]
[Black "Forchert, Martin"]
[Result "0-1"]
[WhiteElo "2139"]
[BlackElo "2224"]
[PlyCount "58"]
[EventDate "2013.??.??"]
[WhiteTeam "SK Münster 2"]
[BlackTeam "Bielefelder SK 1"]

1. e4 Nf6 2. e5 Nd5 3. d4 d6 4. Nf3 dxe5 5. Nxe5 g6 6. Bc4 c6 7. O-O Bg7 8. Nd2
O-O 9. Ndf3 Nd7 10. Bb3 Nxe5 11. Nxe5 Be6 12. Qe2 Nc7 13. Rd1 a5 14. c3 a4 15.
Bxe6 Nxe6 16. Rd3 Ra5 17. Be3 Qc7 18. Nf3 Rd5 19. c4 Rd7 20. g3 Rfd8 21. Rad1
Qa5 22. Qc2 Qf5 23. Qe2 Qa5 24. R1d2 b5 25. b3 bxc4 26. bxc4 Qb4 27. Ne5 Bxe5
28. dxe5 Rxd3 29. Rxd3 Qb1+ 0-1

[Event "SK Münster 2 - Bielefelder SK 1"]
[Site "NRW-Klasse, Gruppe 1 2012/201"]
[Date "2013.01.20"]
[Round "5.3"]
[White "Goeßling, Guido"]
[Black "Virnyi, Julius"]
[Result "0-1"]
[WhiteElo "2144"]
[BlackElo "2056"]
[PlyCount "48"]
[EventDate "2013.??.??"]
[WhiteTeam "Bielefelder SK 1"]
[BlackTeam "SK Münster 2"]

1. e4 c5 2. Nf3 d6 3. d4 cxd4 4. Nxd4 Nf6 5. Nc3 a6 6. f4 Qc7 7. Nf3 Nbd7 8.
Bd3 b5 9. a3 g6 10. O-O Bg7 11. Qe1 Bb7 12. Bd2 O-O 13. Qh4 Nb6 14. e5 Nfd5 15.
e6 f5 16. Ng5 Nf6 17. Rae1 Nc4 18. Bc1 Qc6 19. Rf3 Qb6+ 20. Rf2 h6 21. Bxc4
hxg5 22. fxg5 Ng4 23. Be2 Nxf2 24. Qxf2 Bd4 0-1

[Event "SK Münster 2 - Bielefelder SK 1"]
[Site "NRW-Klasse, Gruppe 1 2012/201"]
[Date "2013.01.20"]
[Round "5.4"]
[White "Kubo, Thomas"]
[Black "Wagenknecht, Uwe"]
[Result "0-1"]
[WhiteElo "2008"]
[BlackElo "2175"]
[PlyCount "62"]
[EventDate "2013.??.??"]
[WhiteTeam "SK Münster 2"]
[BlackTeam "Bielefelder SK 1"]

1. d4 Nf6 2. Bf4 g6 3. e3 Bg7 4. Be2 d6 5. h3 Nbd7 6. Nf3 O-O 7. c4 Re8 8. Nc3
e5 9. dxe5 dxe5 10. Nxe5 Qe7 11. Ng4 Nb6 12. Nxf6+ Bxf6 13. Qb3 a5 14. Rd1 a4
15. Qc2 Bf5 16. Qc1 a3 17. bxa3 Rxa3 18. Nb5 Rxa2 19. Bxc7 Qb4+ 20. Kf1 Ra1 21.
Qxa1 Bxa1 22. Bxb6 Be5 23. f4 Bc2 24. fxe5 Bxd1 25. Bxd1 Qxc4+ 26. Be2 Qc1+ 27.
Kf2 Qxh1 28. Bf1 Rxe5 29. Nd4 Rxe3 30. Bc7 Rd3 31. Bxd3 Qd1 0-1

[Event "SK Münster 2 - Bielefelder SK 1"]
[Site "NRW-Klasse, Gruppe 1 2012/201"]
[Date "2013.01.20"]
[Round "5.5"]
[White "Simon, Hans Christian"]
[Black "Kammers, Heribert"]
[Result "1/2-1/2"]
[WhiteElo "2129"]
[BlackElo "2089"]
[PlyCount "48"]
[EventDate "2013.??.??"]
[WhiteTeam "Bielefelder SK 1"]
[BlackTeam "SK Münster 2"]

1. Nf3 d5 2. g3 Nf6 3. Bg2 e6 4. O-O Be7 5. d4 O-O 6. c4 c5 7. cxd5 exd5 8. Nc3
Nc6 9. Bg5 Be6 10. dxc5 Bxc5 11. Bxf6 Qxf6 12. Nxd5 Qxb2 13. Nc7 Rad8 14. Qc1
Qxc1 15. Raxc1 b6 16. Nxe6 fxe6 17. e3 h6 18. Rfd1 Rxd1+ 19. Rxd1 Rd8 20. Rxd8+
Nxd8 21. Ne5 b5 22. Kf1 Bd6 23. Nc6 Nxc6 24. Bxc6 b4 1/2-1/2

[Event "SK Münster 2 - Bielefelder SK 1"]
[Site "NRW-Klasse, Gruppe 1 2012/201"]
[Date "2013.01.20"]
[Round "5.6"]
[White "Kaufhold, Thomas"]
[Black "Gruettemeier, Uwe"]
[Result "0-1"]
[WhiteElo "2015"]
[BlackElo "2074"]
[Annotator "Doe,John"]
[PlyCount "66"]
[EventDate "2013.??.??"]
[WhiteTeam "SK Münster 2"]
[BlackTeam "Bielefelder SK 1"]

1. d4 c6 2. c4 g6 3. Nc3 Bg7 4. e4 d6 5. Be3 Nf6 6. f3 a6 7. Qd2 O-O 8. Bd3 b5
9. cxb5 axb5 10. b4 Nbd7 11. Nge2 Nb6 12. O-O Be6 13. Rfd1 Bc4 14. Bc2 Qc7 15.
a4 bxa4 16. Nxa4 Nxa4 17. Rxa4 Rxa4 18. Bxa4 Ra8 19. Nc3 Qb7 20. Rb1 Qa6 21.
Bb3 Bxb3 22. Rxb3 Qc4 23. Qb2 $11 Nd7 24. Ne2 e5 25. Rc3 Qb5 26. Rc2 Qd3 27.
Qc3 Qd1+ 28. Kf2 Ra1 29. Qd2 exd4 30. Bxd4 Bxd4+ 31. Qxd4 Qe1+ 32. Ke3 Ra3+ 33.
Rc3 Ra2 0-1

[Event "SK Münster 2 - Bielefelder SK 1"]
[Site "NRW-Klasse, Gruppe 1 2012/201"]
[Date "2013.01.20"]
[Round "5.7"]
[White "Danielmeier, Ralf"]
[Black "Niermann, Rainer"]
[Result "1-0"]
[WhiteElo "2081"]
[BlackElo "2020"]
[PlyCount "55"]
[EventDate "2013.??.??"]
[WhiteTeam "Bielefelder SK 1"]
[BlackTeam "SK Münster 2"]

1. Nf3 c5 2. e4 d6 3. Bc4 Nc6 4. O-O e6 5. Re1 Be7 6. c3 Nf6 7. d4 Nxe4 8. Rxe4
d5 9. Rg4 dxc4 10. Rxg7 Bf6 11. Bg5 cxd4 12. cxd4 e5 13. Nc3 Bf5 14. d5 Kf8 15.
Bxf6 Qxf6 16. Rg3 Nd4 17. Qa4 b5 18. Qb4+ Qe7 19. d6 Qe6 20. Ng5 Qd7 21. Qc5
Re8 22. Re1 f6 23. Nge4 Kf7 24. Nd5 Bxe4 25. Rxe4 Re6 26. Ra3 Ra8 27. Rh4 Kg6
28. Rg3+ 1-0

[Event "SK Münster 2 - Bielefelder SK 1"]
[Site "NRW-Klasse, Gruppe 1 2012/201"]
[Date "2013.01.20"]
[Round "5.8"]
[White "Ollech, Dirk"]
[Black "Ebert, Karsten"]
[Result "0-1"]
[WhiteElo "1945"]
[BlackElo "1869"]
[PlyCount "87"]
[EventDate "2013.??.??"]
[WhiteTeam "SK Münster 2"]
[BlackTeam "Bielefelder SK 1"]

1. d4 Nf6 2. c4 d6 3. g3 g6 4. Bg2 Bg7 5. Nf3 O-O 6. Nc3 c5 7. d5 e5 8. e4 Bd7
9. O-O Ne8 10. Ne1 a6 11. a4 b6 12. h3 f5 13. Nd3 Nf6 14. Kh2 fxe4 15. Nxe4
Nxe4 16. Bxe4 Bf5 17. Qe2 Bxe4 18. Qxe4 Nd7 19. Qg2 Qe7 20. f4 Rae8 21. Bd2 e4
22. Rae1 Bd4 23. Re2 Nf6 24. f5 exd3 25. Rxe7 Rxe7 26. Re1 Rxe1 27. Bxe1 Re8
28. Qf1 Re2+ 29. Kh1 Ne4 30. fxg6 hxg6 31. b3 Bc3 32. Bxc3 Nxg3+ 33. Kg1 Nxf1
34. Kxf1 Rc2 35. Bf6 Kf7 36. Bg5 Rh2 37. Ke1 Rxh3 38. Kd2 Ke8 39. Be3 Rxe3 40.
Kxe3 Kf7 41. Kxd3 Kf6 42. Ke4 a5 43. Kf4 g5+ 44. Kg4 0-1

[Event "SV Letmathe 1 - SC Bocholt 1"]
[Site "NRW-Klasse, Gruppe 1 2012/201"]
[Date "2013.02.17"]
[Round "6.1"]
[White "Fuest, Martin"]
[Black "Podzielny, Karl-Heinz"]
[Result "0-1"]
[WhiteElo "2082"]
[BlackElo "2357"]
[Annotator "Doe,John"]
[PlyCount "96"]
[EventDate "2013.??.??"]
[WhiteTeam "SC Bocholt 1"]
[BlackTeam "SV Letmathe 1"]

1. d4 Nf6 2. Nf3 g6 3. Bg5 Bg7 4. c3 O-O 5. Nbd2 b6 6. e3 Bb7 7. Be2 c5 8. O-O
d6 9. Qa4 h6 10. Bxf6 Bxf6 11. Rfd1 Bg7 12. Rac1 Qc8 13. b4 Nd7 14. bxc5 bxc5
15. Nb3 Rb8 16. Qa3 Qc7 17. Nfd2 $11 Rfc8 18. Bg4 e6 19. Bf3 Bf8 20. Bxb7 Qxb7
21. Rb1 Qc6 22. c4 Rb4 23. dxc5 dxc5 24. Nf3 Qc7 25. Rbc1 Nb6 26. Nbd2 Bg7 27.
Rc2 Rd8 28. Rf1 Na4 29. Nb3 Nc3 30. Qa5 Qxa5 31. Nxa5 Rd6 32. Nb3 Rxc4 33. Rfc1
Ra4 34. Nxc5 Rxa2 35. Rxa2 Nxa2 36. Rb1 a5 37. Rb8+ Kh7 38. g4 Rd5 39. Nb3 a4
40. Nbd4 e5 41. Nc6 Rc5 42. Rb6 a3 43. Ra6 Nc3 44. Nd2 Bf8 45. Kg2 Rb5 46. Ra5
a2 47. Rxb5 a1=Q 48. Rb8 Bg7 0-1

[Event "SV Letmathe 1 - SC Bocholt 1"]
[Site "NRW-Klasse, Gruppe 1 2012/201"]
[Date "2013.02.17"]
[Round "6.2"]
[White "Adamski, Jan"]
[Black "Steiner, Karl"]
[Result "1/2-1/2"]
[WhiteElo "2299"]
[BlackElo "1984"]
[PlyCount "45"]
[EventDate "2013.??.??"]
[WhiteTeam "SV Letmathe 1"]
[BlackTeam "SC Bocholt 1"]

1. Nf3 Nf6 2. c4 c6 3. Nc3 d5 4. e3 g6 5. d4 Bg7 6. Be2 O-O 7. O-O Nbd7 8. cxd5
Nxd5 9. e4 Nxc3 10. bxc3 e5 11. Bg5 Qc7 12. Qc2 Re8 13. h3 f6 14. Be3 Nb6 15.
a4 Be6 16. dxe5 Nc4 17. exf6 Nxe3 18. fxe3 Bxf6 19. Nd4 Kg7 20. Rf3 Bg8 21.
Raf1 Rf8 22. Nb3 Bg5 23. Nd2 1/2-1/2

[Event "SV Letmathe 1 - SC Bocholt 1"]
[Site "NRW-Klasse, Gruppe 1 2012/201"]
[Date "2013.02.17"]
[Round "6.3"]
[White "Gajic, Goran"]
[Black "Webb, Laurence"]
[Result "0-1"]
[WhiteElo "1956"]
[BlackElo "2250"]
[Annotator "Doe,John"]
[PlyCount "98"]
[EventDate "2013.??.??"]
[WhiteTeam "SC Bocholt 1"]
[BlackTeam "SV Letmathe 1"]

1. d4 Nf6 2. Nf3 e6 3. Bg5 c5 4. Bxf6 Qxf6 5. e3 Nc6 6. c3 d5 7. Bb5 Bd6 8.
Nbd2 O-O 9. O-O a6 10. Bxc6 bxc6 11. Qa4 Bd7 12. e4 cxd4 13. cxd4 Qe7 14. e5
Bb4 15. Qd1 c5 16. a3 Bxd2 17. Qxd2 c4 18. Qc3 Rfb8 19. Nd2 Ba4 20. f4 Rb7 21.
f5 exf5 22. Rxf5 Bd7 23. Rf2 Rab8 24. Rb1 Be6 25. h3 h6 26. b4 cxb3 27. Rxb3
Rxb3 28. Nxb3 Qxa3 29. Rf3 Qb4 30. Qa1 Ra8 31. Nc5 $11 a5 32. Rb3 Qc4 33. Ra3
Bf5 34. Ra4 Qc2 35. Ra2 Qc4 36. Ra4 Qb5 37. Qf1 Qxf1+ 38. Kxf1 Kf8 39. Ke2 Ke7
40. Ra2 Bd7 41. Kd3 Ra7 42. Kc3 g5 43. Rb2 a4 44. Rb7 Rxb7 45. Nxb7 h5 46. Nc5
Bb5 47. g3 h4 48. gxh4 gxh4 49. Kd2 a3 0-1

[Event "SV Letmathe 1 - SC Bocholt 1"]
[Site "NRW-Klasse, Gruppe 1 2012/201"]
[Date "2013.02.17"]
[Round "6.4"]
[White "Oswald, Hans-Joachim"]
[Black "Robeling, Stephan"]
[Result "1-0"]
[WhiteElo "2210"]
[BlackElo "1897"]
[PlyCount "65"]
[EventDate "2013.??.??"]
[WhiteTeam "SV Letmathe 1"]
[BlackTeam "SC Bocholt 1"]

1. Nf3 Nf6 2. c4 c6 3. b3 d5 4. Bb2 Bf5 5. g3 e6 6. Bg2 Nbd7 7. O-O Bd6 8. d3
O-O 9. Nbd2 Re8 10. Qc2 e5 11. e4 dxe4 12. dxe4 Bg6 13. Nh4 Nf8 14. c5 Bc7 15.
Nc4 Qe7 16. b4 b6 17. cxb6 axb6 18. a3 c5 19. Nf5 Bxf5 20. exf5 Rab8 21. b5 g6
22. Rfe1 N6d7 23. Rad1 f6 24. Bc6 Kh8 25. fxg6 h6 26. Bxd7 Nxd7 27. Qd2 Nf8 28.
Qxh6+ Kg8 29. f4 Qe6 30. fxe5 fxe5 31. Nxe5 Qb3 32. Qh8+ Kxh8 33. Nf7+ 1-0

[Event "SV Letmathe 1 - SC Bocholt 1"]
[Site "NRW-Klasse, Gruppe 1 2012/201"]
[Date "2013.02.17"]
[Round "6.5"]
[White "Hunhoff, Sebastian"]
[Black "Gruermann, Martin"]
[Result "1-0"]
[WhiteElo "1804"]
[BlackElo "2144"]
[Annotator "Doe,John"]
[PlyCount "79"]
[EventDate "2013.??.??"]
[WhiteTeam "SC Bocholt 1"]
[BlackTeam "SV Letmathe 1"]

1. c4 Nc6 2. Nc3 e5 3. Nf3 Nf6 4. d4 exd4 5. Nxd4 Bb4 6. Bg5 h6 7. Bh4 Bxc3+ 8.
bxc3 Ne5 9. f4 Ng6 10. Bxf6 Qxf6 11. g3 O-O 12. Qd2 d6 13. Bg2 c6 14. Rb1 $11
Qd8 15. O-O Qa5 16. e4 Qc5 17. Kh1 Qxc4 18. Nf5 Rd8 19. Nxd6 Qe6 20. Rbd1 Nf8
21. f5 Qf6 22. Qd4 Qxd4 23. Rxd4 c5 24. Rd5 b6 25. e5 Ba6 26. Rfd1 Rab8 27.
Nxf7 Re8 28. Nd6 Re7 29. e6 Nh7 30. Ne4 Bb7 31. Rd8+ Re8 32. Rxe8+ Rxe8 33. Nd6
Bxg2+ 34. Kxg2 Rb8 35. Ne4 Nf6 36. Nxf6+ gxf6 37. Rd7 a6 38. Ra7 Rd8 39. Rd7
Re8 40. Kf3 1-0

[Event "SV Letmathe 1 - SC Bocholt 1"]
[Site "NRW-Klasse, Gruppe 1 2012/201"]
[Date "2013.02.17"]
[Round "6.6"]
[White "Haude, Ruediger"]
[Black "Hunhoff, Andreas"]
[Result "1/2-1/2"]
[WhiteElo "2069"]
[BlackElo "1802"]
[Annotator "Doe,John"]
[PlyCount "91"]
[EventDate "2013.??.??"]
[WhiteTeam "SV Letmathe 1"]
[BlackTeam "SC Bocholt 1"]

1. d4 f5 2. Nc3 Nf6 3. Bg5 e6 4. e4 fxe4 5. Nxe4 Be7 6. Bxf6 Bxf6 7. Qh5+ g6 8.
Qh6 Qe7 9. Nxf6+ Qxf6 10. Nf3 Nc6 11. O-O-O Ne7 12. Bd3 d6 13. Rhe1 Bd7 14. Qg5
Qf7 15. Be4 O-O-O $11 16. Qa5 Kb8 17. Re3 Bc6 18. Bxc6 Nxc6 19. Qb5 a6 20. Qb3
Rde8 21. Rde1 Nd8 22. Re4 h6 23. Qe3 Ref8 24. Re2 Qf6 25. c4 Rh7 26. d5 e5 27.
c5 c6 28. dxc6 Nxc6 29. cxd6 Qxd6 30. Rd2 Qe6 31. Qa3 Re8 32. Rd6 Qf5 33. Qe3
Rc7 34. Kd1 Rd7 35. Rxd7 Qxd7+ 36. Qd2 Qf5 37. Qe2 Rd8+ 38. Ke1 Qe6 39. b3 Rd5
40. Rc4 Qd6 41. g3 g5 42. h4 Qg6 43. Qe4 Qd6 44. Qe2 Nd4 45. Qe4 Nxf3+ 46. Qxf3
1/2-1/2

[Event "SV Letmathe 1 - SC Bocholt 1"]
[Site "NRW-Klasse, Gruppe 1 2012/201"]
[Date "2013.02.17"]
[Round "6.7"]
[White "Boeing, Frank"]
[Black "Hunold, Rolf"]
[Result "1/2-1/2"]
[WhiteElo "1872"]
[BlackElo "1974"]
[Annotator "Doe,John"]
[PlyCount "120"]
[EventDate "2013.??.??"]
[WhiteTeam "SC Bocholt 1"]
[BlackTeam "SV Letmathe 1"]

1. d4 Nf6 2. Nf3 e6 3. Bg5 c5 4. c3 Qb6 5. Qb3 Qxb3 6. axb3 Ne4 7. Bf4 Nc6 8.
e3 cxd4 9. exd4 Bd6 10. Bxd6 Nxd6 11. Bd3 b6 12. Nbd2 Bb7 13. Ba6 Bxa6 14. Rxa6
Nb5 15. Ra2 O-O 16. O-O a5 17. Nc4 $11 Rab8 18. Nfe5 Nxe5 19. dxe5 f6 20. Rd1
Rb7 21. exf6 Rxf6 22. Nd6 Nxd6 23. Rxd6 Kf7 24. Ra1 Ke7 25. Rad1 Rf5 26. R6d3
Rb5 27. c4 Re5 28. Kf1 b5 29. Rg3 g6 30. Rh3 h5 31. Rhd3 Rc5 32. Rd4 a4 33.
bxa4 bxc4 34. a5 d5 35. a6 Ra7 36. Ra1 Rc6 37. Re1 Kd6 38. f4 Raxa6 39. Kf2 Ra2
40. Re2 Rb6 41. Rdd2 Rb3 42. g3 Kc5 43. Ke1 Ra6 44. Kd1 Ra1+ 45. Kc2 Ra2 46.
Kb1 Ra6 47. Kc2 Rab6 48. Kc1 c3 49. Rc2 Kd4 50. bxc3+ Rxc3 51. Red2+ Kc4 52.
Rxc3+ Kxc3 53. Rc2+ Kd3 54. Ra2 d4 55. Ra5 Rc6+ 56. Kd1 Rc2 57. Ra3+ Rc3 58.
Ra6 Rc2 59. Ra3+ Rc3 60. Ra6 Rc2 1/2-1/2

[Event "SV Letmathe 1 - SC Bocholt 1"]
[Site "NRW-Klasse, Gruppe 1 2012/201"]
[Date "2013.02.17"]
[Round "6.8"]
[White "Pfleger, Sascha"]
[Black "Wuestnienhaus, Andreas"]
[Result "1/2-1/2"]
[WhiteElo "2016"]
[BlackElo "1879"]
[Annotator "Doe,John"]
[PlyCount "62"]
[EventDate "2013.??.??"]
[WhiteTeam "SV Letmathe 1"]
[BlackTeam "SC Bocholt 1"]

1. a3 Nf6 2. Nf3 d5 3. e3 c6 4. b3 Bf5 5. Bb2 e6 6. Be2 Nbd7 7. O-O Bd6 8. d4
O-O 9. Nbd2 Qe7 10. Ne5 Ne4 11. Nxd7 Qxd7 12. Nxe4 Bxe4 13. Bd3 f5 $11 14. f3
Bxd3 15. Qxd3 Qe7 16. c4 a6 17. c5 Bc7 18. Bc3 e5 19. dxe5 Bxe5 20. Bxe5 Qxe5
21. Qd4 Rae8 22. Qxe5 Rxe5 23. Kf2 Rfe8 24. Rfe1 Kf7 25. Rad1 g5 26. g3 g4 27.
Rd4 gxf3 28. Rf4 Kg6 29. Kxf3 h5 30. Re2 Kg5 31. h4+ Kf6 1/2-1/2

[Event "SV Dinslaken 1 - SG Bochum 2"]
[Site "NRW-Klasse, Gruppe 1 2012/201"]
[Date "2013.02.17"]
[Round "6.1"]
[White "Dahm, Jochen"]
[Black "Trella, Thomas"]
[Result "0-1"]
[WhiteElo "2297"]
[BlackElo "2352"]
[PlyCount "66"]
[EventDate "2013.??.??"]
[WhiteTeam "SG Bochum 2"]
[BlackTeam "SV Dinslaken 1"]

1. e4 e6 2. d4 d5 3. e5 c5 4. c3 Nc6 5. Nf3 Bd7 6. dxc5 Bxc5 7. b4 Bb6 8. b5
Na5 9. Bd3 Qc7 10. a4 Ne7 11. O-O Rc8 12. Re1 Ng6 13. h4 f6 14. Ra2 O-O 15. Ba3
Nxe5 16. Bxf8 Nxd3 17. Qxd3 Rxf8 18. Nbd2 Rc8 19. Rc2 Qc5 20. c4 Be8 21. Rxe6
Bg6 22. Qe2 Bxc2 23. Re8+ Rxe8 24. Qxe8+ Qf8 25. Qe6+ Kh8 26. cxd5 Bg6 27. h5
Bxh5 28. Ne4 Bf7 29. Qf5 Bg6 30. Qe6 Qe8 31. Nd6 Qxe6 32. dxe6 Bc5 33. Nc8 Kg8
0-1

[Event "SV Dinslaken 1 - SG Bochum 2"]
[Site "NRW-Klasse, Gruppe 1 2012/201"]
[Date "2013.02.17"]
[Round "6.3"]
[White "Kitte, Sebastian"]
[Black "Kern, Guido"]
[Result "1/2-1/2"]
[WhiteElo "2244"]
[BlackElo "2311"]
[PlyCount "34"]
[EventDate "2013.??.??"]
[WhiteTeam "SG Bochum 2"]
[BlackTeam "SV Dinslaken 1"]

1. d4 e6 2. c4 Bb4+ 3. Bd2 a5 4. g3 d6 5. Nf3 Nc6 6. Bg2 e5 7. dxe5 dxe5 8. O-O
Nf6 9. Nc3 O-O 10. Rc1 h6 11. Qc2 Be6 12. b3 Qe7 13. Rcd1 Rfd8 14. Bc1 Bc5 15.
h3 Nb4 16. Qb1 Nc6 17. Qc2 Nb4 1/2-1/2

[Event "SV Dinslaken 1 - SG Bochum 2"]
[Site "NRW-Klasse, Gruppe 1 2012/201"]
[Date "2013.02.17"]
[Round "6.4"]
[White "Mundorf, Johannes"]
[Black "Kahleys, Kevin"]
[Result "1/2-1/2"]
[WhiteElo "2158"]
[BlackElo "2192"]
[Annotator "Doe,John"]
[PlyCount "31"]
[EventDate "2013.??.??"]
[WhiteTeam "SV Dinslaken 1"]
[BlackTeam "SG Bochum 2"]

1. Nf3 d5 2. g3 Nf6 3. Bg2 g6 4. b3 Bg7 5. Bb2 O-O 6. c4 c6 7. O-O Qb6 8. Qc2
a5 $11 9. d3 Na6 10. a3 Rd8 11. Nbd2 Bf5 12. Rab1 Rac8 13. b4 axb4 14. axb4 Qc7
15. Ba1 b5 16. c5 1/2-1/2

[Event "SV Dinslaken 1 - SG Bochum 2"]
[Site "NRW-Klasse, Gruppe 1 2012/201"]
[Date "2013.02.17"]
[Round "6.5"]
[White "Mazarov, Juergen"]
[Black "Neuer, Thomas"]
[Result "1/2-1/2"]
[WhiteElo "2131"]
[BlackElo "2040"]
[PlyCount "42"]
[EventDate "2013.??.??"]
[WhiteTeam "SG Bochum 2"]
[BlackTeam "SV Dinslaken 1"]

1. e4 e6 2. d4 d5 3. Nd2 Nc6 4. Ngf3 Nf6 5. e5 Nd7 6. c3 f6 7. exf6 Qxf6 8. Be2
Bd6 9. O-O O-O 10. Nb3 a5 11. Bg5 Qf7 12. Bh4 h6 13. a4 Ne7 14. Bg3 Ng6 15. Bd3
Nf4 16. Bc2 b6 17. Re1 Ba6 18. Ne5 Bxe5 19. dxe5 Nh5 20. Qg4 Nxg3 21. Qxg3 g5
1/2-1/2

[Event "SV Dinslaken 1 - SG Bochum 2"]
[Site "NRW-Klasse, Gruppe 1 2012/201"]
[Date "2013.02.17"]
[Round "6.6"]
[White "Walter, Andreas"]
[Black "Werthebach, Felix"]
[Result "1/2-1/2"]
[WhiteElo "1998"]
[BlackElo "2145"]
[Annotator "Doe,John"]
[PlyCount "89"]
[EventDate "2013.??.??"]
[WhiteTeam "SV Dinslaken 1"]
[BlackTeam "SG Bochum 2"]

1. d4 f5 2. Bg5 g6 3. Nc3 Bg7 4. h4 h6 5. Bf4 Nf6 6. e3 e6 7. Qf3 d6 8. O-O-O
O-O 9. Bh2 Qe8 10. Bc4 Ng4 11. Bg3 d5 12. Bf1 c6 13. Qe2 e5 14. f3 exd4 15.
exd4 Qxe2 16. Ngxe2 Ne3 17. Rd3 Re8 18. Bf4 Nxf1 19. Rxf1 b6 20. Kd2 Ba6 21.
Re3 Nd7 22. Re1 $11 Rxe3 23. Bxe3 Re8 24. Ng3 h5 25. Bf2 Rxe1 26. Kxe1 Kf7 27.
Nge2 Nf8 28. Nf4 Ne6 29. Nxe6 Kxe6 30. Be3 Bf8 31. Nd1 Bd6 32. f4 c5 33. g3 Be7
34. Kd2 Kd6 35. Nf2 Bf1 36. Ke1 Bb5 37. Nh3 Bf6 38. c3 a5 39. Ng1 Bc4 40. a3
Bb5 41. Nf3 Be8 42. Kd2 Kc6 43. Kc2 Be7 44. Ne5+ Kb5 45. Bf2 1/2-1/2

[Event "SV Dinslaken 1 - SG Bochum 2"]
[Site "NRW-Klasse, Gruppe 1 2012/201"]
[Date "2013.02.17"]
[Round "6.7"]
[White "Tkachuk, Sergij"]
[Black "Graeber, Ralf"]
[Result "1/2-1/2"]
[WhiteElo "2164"]
[BlackElo "2106"]
[PlyCount "35"]
[EventDate "2013.??.??"]
[WhiteTeam "SG Bochum 2"]
[BlackTeam "SV Dinslaken 1"]

1. e4 c5 2. Nf3 Nc6 3. d4 cxd4 4. Nxd4 Nf6 5. Nc3 e5 6. Nf3 Bb4 7. Bc4 O-O 8.
O-O Bxc3 9. bxc3 Qa5 10. Qd3 Ne7 11. Bd2 d5 12. Bxd5 Nexd5 13. c4 Nb4 14. Qb3
Qc7 15. Bxb4 Re8 16. Qd3 Be6 17. Bd6 Qxc4 18. Bxe5 1/2-1/2

[Event "SV Dinslaken 1 - SG Bochum 2"]
[Site "NRW-Klasse, Gruppe 1 2012/201"]
[Date "2013.02.17"]
[Round "6.8"]
[White "Dehen, Lothar"]
[Black "Werrn, Pascal"]
[Result "1-0"]
[WhiteElo "2029"]
[BlackElo "2027"]
[PlyCount "96"]
[EventDate "2013.??.??"]
[WhiteTeam "SV Dinslaken 1"]
[BlackTeam "SG Bochum 2"]

1. d4 Nf6 2. Nf3 e6 3. e3 c5 4. Bd3 b6 5. Nbd2 Bb7 6. O-O Nc6 7. c3 Rc8 8. Re1
Be7 9. a3 O-O 10. e4 cxd4 11. cxd4 d5 12. e5 Nd7 13. b4 a6 14. Nb3 Re8 15. Bf4
Nf8 16. Qe2 Nb8 17. Rac1 Qd7 18. Bg5 Bxg5 19. Nxg5 f6 20. exf6 gxf6 21. Nf3
Rxc1 22. Rxc1 Rc8 23. Qd2 Rxc1+ 24. Qxc1 Qd6 25. Qh6 Nbd7 26. Nh4 a5 27. Qd2
Kg7 28. g3 Ng6 29. Nxg6 hxg6 30. bxa5 Qxa3 31. Qc2 bxa5 32. Bxg6 Nf8 33. Be8
Qe7 34. Nxa5 Qxe8 35. Nxb7 Qb8 36. Nc5 Qb4 37. Qe2 e5 38. Qg4+ Kf7 39. Nd7 exd4
40. Nxf8 Kxf8 41. Qc8+ Ke7 42. Qc7+ Ke6 43. Qc6+ Ke5 44. Qe8+ Kf5 45. Qd7+ Ke4
46. Qe6+ Kd3 47. Qxd5 Kc2 48. Qe4+ d3 1-0

[Event "LSV Turm Lippstadt 1 - SV Hattingen 1"]
[Site "NRW-Klasse, Gruppe 1 2012/201"]
[Date "2013.02.17"]
[Round "6.2"]
[White "Matthias, Heiner"]
[Black "De Vreugt, Dennis"]
[Result "1/2-1/2"]
[WhiteElo "2320"]
[BlackElo "2369"]
[PlyCount "88"]
[EventDate "2013.??.??"]
[WhiteTeam "LSV Turm Lippstadt 1"]
[BlackTeam "SV Hattingen 1"]

1. Nf3 Nf6 2. c4 b6 3. g3 Bb7 4. Bg2 e6 5. O-O Be7 6. Nc3 O-O 7. d4 Ne4 8. Nxe4
Bxe4 9. Ne1 Bxg2 10. Nxg2 d5 11. Qa4 Bf6 12. Rd1 Qe8 13. Qxe8 Rxe8 14. cxd5
exd5 15. Be3 g5 16. Rac1 c6 17. Rc2 a5 18. Ne1 Be7 19. Nf3 f6 20. h4 h6 21.
hxg5 hxg5 22. Kg2 Ra7 23. Nh2 Bf8 24. Bc1 Rae7 25. e3 Rh7 26. Rd3 Bd6 27. a4
Kf7 28. Bd2 Ke6 29. f3 Reh8 30. Nf1 f5 31. Rb3 Bc7 32. e4 fxe4 33. fxe4 dxe4
34. Bxg5 Rg8 35. Be3 Kd7 36. Bf2 Na6 37. Re2 Nb4 38. Rxe4 Nd5 39. Rf3 Rg6 40.
Nh2 Nf6 41. Re1 Nh5 42. Re4 Nf6 43. Re1 Nh5 44. Re4 Nf6 1/2-1/2

[Event "LSV Turm Lippstadt 1 - SV Hattingen 1"]
[Site "NRW-Klasse, Gruppe 1 2012/201"]
[Date "2013.02.17"]
[Round "6.3"]
[White "Jonkman, Harmen"]
[Black "Fecke, Andreas"]
[Result "1/2-1/2"]
[WhiteElo "2421"]
[BlackElo "2108"]
[PlyCount "84"]
[EventDate "2013.??.??"]
[WhiteTeam "SV Hattingen 1"]
[BlackTeam "LSV Turm Lippstadt 1"]

1. e4 e5 2. Nf3 d6 3. d4 exd4 4. Nxd4 Nf6 5. Nc3 Be7 6. Nde2 Nbd7 7. Ng3 O-O 8.
Be2 Re8 9. O-O c6 10. Nf5 Nc5 11. Nxe7+ Qxe7 12. f3 b5 13. a3 d5 14. exd5 Na4
15. d6 Nxc3 16. dxe7 Nxd1 17. Rxd1 Bf5 18. c4 Rxe7 19. Bf1 a6 20. Bg5 Re6 21.
g4 Bg6 22. Re1 Rd8 23. Rxe6 fxe6 24. a4 Bd3 25. axb5 axb5 26. cxb5 Bxf1 27.
Kxf1 cxb5 28. Ke2 Rd5 29. Bxf6 gxf6 30. Ra7 Rd4 31. h4 Rb4 32. h5 Rxb2+ 33. Ke3
h6 34. Re7 Rb1 35. Ke2 e5 36. Ke3 Rb4 37. Rb7 Kh8 38. Rb6 Kg7 39. Rb7+ Kg8 40.
Rb8+ Kf7 41. Rh8 Kg7 42. Rb8 Kf7 1/2-1/2